Rodinné vinárstvo musí byť srdcová záležitosť

Spoločnosť Primavin vo veľkom Mederi ponúka vynikajúce, oceňované vína. Príbeh firmy.

Salvato in:
Dettagli Bibliografici
Autore principale: Krištofičová, Dagmar
Natura: Capitolo di libro
Lingua:slovacco
Soggetti:
Tags: Aggiungi Tag
Nessun Tag, puoi essere il primo ad aggiungerne!!

MARC

LEADER 00000naa a2200000 4500
001 0181592
005 20231109070653.6
041 0 |a slo 
044 |a SK 
245 1 0 |a Rodinné vinárstvo musí byť srdcová záležitosť  |c Dagmar Krištofičová 
520 |a Spoločnosť Primavin vo veľkom Mederi ponúka vynikajúce, oceňované vína. Príbeh firmy. 
610 2 0 |a víno 
610 2 0 |a výroba 
610 2 0 |a firmy 
610 2 0 |a Slovensko 
100 1 |a Krištofičová, Dagmar